000 00439nam a22001697a 4500
999 _c1290
_d1290
005 20211004165212.0
008 160521b xxu||||| |||| 00| 0 eng d
020 _a81-203-0716-X
041 _aeng
082 _b3734
100 _aT.U. Rajan C.P. Sharma Ashok Sharma
_9948
245 _aHeat Treatment principles and Technology
260 _aNew Delhi
_bPHI,
_c1999
300 _a448
650 _aDIPLOMA ENGINEERING
_9817
942 _cBK